000 01431nam a2200385Ia 4500
001 ebr10015832
003 CaPaEBR
006 m u
007 cr cn|||||||||
008 010810s2000 enka sb 000 0 eng d
010 _z 2001273164
015 _aGBA1-12933
020 _z1841500461
020 _z1841508276
040 _aCaPaEBR
_cCaPaEBR
035 _a(OCoLC)559684698
050 1 4 _aN8725
_b.L63 2000eb
082 0 4 _a701/.03
_221
245 0 0 _aLocality, regeneration & divers[c]ities
_h[electronic resource] /
_cedited by Sarah Bennett and John Butler.
246 3 _aLocality, regeneration and divers[c]ities
260 _aBristol, Eng. ;
_aPortland, Or. :
_bIntellect,
_c2000.
300 _a158 p. :
_bill.
490 1 _aAdvances in art & urban futures ;
_vv. 1
504 _aIncludes bibliographical references.
533 _aElectronic reproduction.
_bPalo Alto, Calif. :
_cebrary,
_d2013.
_nAvailable via World Wide Web.
_nAccess may be limited to ebrary affiliated libraries.
650 0 _aPublic art.
650 0 _aUrban renewal.
650 0 _aArt and society.
655 7 _aElectronic books.
_2local
700 1 _aBennett, Sarah.
700 1 _aButler, John
_q(John H.)
710 2 _aebrary, Inc.
830 0 _aAdvances in art & urban futures ;
_vv. 1.
856 4 0 _uhttp://site.ebrary.com/lib/rucke/Doc?id=10015832
_zAn electronic book accessible through the World Wide Web; click to view
999 _c25758
_d25758